000 00775nam a2200205 a 4500
001 000928928
003 AM-YEHGA
005 20250617160741.0
008 121120s1961 ru r 000 0 rus d
040 _aAM-YeHGA
041 0 _arus
100 1 _aМокин, Михаил Дмитриевич
245 1 0 _aПередовые методы выращивания и сохранения телят /
_cМ.Д. Мокин, А.П. Новиков.
260 _aКурск :
_bКурское кн. изд-во,
_c1961.
300 _a84 с. :
_bрис., табл. ;
_c20 см.
650 1 4 _aКрупный рогатый скот
_xВыращивание телят
700 1 _aНовиков, Алексей Прокофьевич
942 _2udc
_cBK
090 _c462809
999 _c459738
_d459738